Rural housing crisis fears (Record no. 70449)

MARC details
000 -LEADER
fixed length control field 01011cam a2200217 4500
001 - CONTROL NUMBER
control field WB3821-11
008 - FIXED-LENGTH DATA ELEMENTS--GENERAL INFORMATION
fixed length control field 020611n2002 000 0 eng u
035 ## - SYSTEM CONTROL NUMBER
System control number (Sirsi) u118356
245 ## - TITLE STATEMENT
Title Rural housing crisis fears
260 ## - PUBLICATION, DISTRIBUTION, ETC.
Date of publication, distribution, etc. 2002
490 ## - SERIES STATEMENT
Series statement Countryside Focus
Volume/sequential designation (20) June/July 2002 1-2(2)
520 ## - SUMMARY, ETC.
Summary, etc. Countryside Agency's "State of the countryside report 2002" warns of a housing crisis looming in rural England. Using a specially developed mortgage index it shows that in seven out of eight English regions rural homes could be less affordable than in urban areas. Countryside Agency news release http://www.countryside.gov.uk/news/article.asp?NewsItemID=224. "State of the Countryside Report 2002" can be downloaded from http://www.countryside.gov.uk/stateofthecountryside/
590 ## - LOCAL NOTE (RLIN)
Local note WB
650 ## - SUBJECT ADDED ENTRY--TOPICAL TERM
Topical term or geographic name entry element COUNTRYSIDE AGENCY
650 ## - SUBJECT ADDED ENTRY--TOPICAL TERM
Topical term or geographic name entry element STATE OF THE COUNTRYSIDE REPORT
650 ## - SUBJECT ADDED ENTRY--TOPICAL TERM
Topical term or geographic name entry element RURAL HOUSING
650 ## - SUBJECT ADDED ENTRY--TOPICAL TERM
Topical term or geographic name entry element MORTGAGE INDEX
650 ## - SUBJECT ADDED ENTRY--TOPICAL TERM
Topical term or geographic name entry element HOUSING
690 ## - LOCAL SUBJECT ADDED ENTRY--TOPICAL TERM (OCLC, RLIN)
Topical term or geographic name as entry element HOUSING
942 ## - ADDED ENTRY ELEMENTS (KOHA)
Suppress in OPAC 0
Holdings
Withdrawn status Lost status Source of classification or shelving scheme Damaged status Not for loan Home library Current library Shelving location Date acquired Total Checkouts Full call number Barcode Date last seen Copy number Price effective from Koha item type
    Dewey Decimal Classification     London London News article 11/06/2002   WB3821-11 118356-1001 06/08/2019 1 06/08/2019 News article